000 00434nam a2200169Ia 4500
001 19264
003 IN-NITTTR
005 20251114233222.0
008 251113s9999||||xx |||||||||||||| ||eng||
040 _beng
040 _cIN-NITTTR
041 _aeng
082 _a005.133 S47T
100 _aStevens, Al
245 0 _aTurbo C :
_b memory-resident utilities,screen I/O and programming techniques. /
_cStevens, Al
942 _2ddc
_cBK
999 _c21898
_d21898